Na ceste k odbornosti. Míľniky vedeckého života po roku 1918
Kulturologický exkurz do problematiky vzniku novej slovenskej vedy na pozadí inštitucionálnych a personálnych zmien. Rozvoj slovenskej kultúry v medzivojnovom období. Vznik Československej republiky v roku 1918 priniesol realizáciu ideológie čechoslovakizmu. Českí profesori a vedci, ktorí pomohli v...
Saved in:
| Main Author: | |
|---|---|
| Format: | Book Chapter |
| Language: | Slovak |
| Subjects: | |
| Tags: |
No Tags, Be the first to tag this record!
|
MARC
| LEADER | 00000nla a2200000 4500 | ||
|---|---|---|---|
| 001 | 0212300 | ||
| 005 | 20240417075104.6 | ||
| 041 | 0 | |a slo | |
| 044 | |a SK | ||
| 245 | 1 | 0 | |a Na ceste k odbornosti. Míľniky vedeckého života po roku 1918 |c Lenka Šalingová Holubcová |
| 520 | |a Kulturologický exkurz do problematiky vzniku novej slovenskej vedy na pozadí inštitucionálnych a personálnych zmien. Rozvoj slovenskej kultúry v medzivojnovom období. Vznik Československej republiky v roku 1918 priniesol realizáciu ideológie čechoslovakizmu. Českí profesori a vedci, ktorí pomohli vybudovať školstvo a inštitucionalizovať vedu na Slovensku. | ||
| 610 | 2 | 0 | |a história |
| 610 | 2 | 0 | |a dejiny |
| 610 | 2 | 0 | |a Československo |
| 610 | 2 | 0 | |a školstvo |
| 610 | 2 | 0 | |a veda |
| 610 | 2 | 0 | |a kultúra |
| 610 | 2 | 0 | |a literatúra |
| 610 | 2 | 0 | |a komunikácia interkultúrna |
| 610 | 2 | 0 | |a inštitucionalizmus |
| 610 | 2 | 0 | |a ideológia |
| 100 | 1 | |a Šalingová Holubcová, Lenka | |